Statistics for 10 Southernmost Entire Countries

Click here to take the quiz!

General Stats

  • This quiz has been taken 42 times
  • The average score is 9 of 10

Answer Stats

northernmost point country % Correct
22°20'SSouth Africa
100%
29°13'SNew Zealand
97%
21°48'SArgentina
97%
28°34'SLesotho
95%
17°46'SBotswana
95%
17°19'SChile
95%
30°05'SUruguay
92%
25°44'SSwaziland
92%
16°56'SNamibia
89%
19°33'SParaguay
79%

Score Distribution

Percentile by Number Answered

Percent of People with Each Score

Your Score History

You have not taken this quiz